<?xml version="1.0" encoding="UTF-8"?>
<record
    xmlns:xsi="http://www.w3.org/2001/XMLSchema-instance"
    xsi:schemaLocation="http://www.loc.gov/MARC21/slim http://www.loc.gov/standards/marcxml/schema/MARC21slim.xsd"
    xmlns="http://www.loc.gov/MARC21/slim">

  <leader>01242nam0a2200337   4500</leader>
  <controlfield tag="001">RU\NLR\bibl\53197</controlfield>
  <controlfield tag="005">20250616084749.0</controlfield>
  <datafield tag="010" ind1=" " ind2=" ">
    <subfield code="a">5-89566-009-6</subfield>
    <subfield code="9">1000</subfield>
  </datafield>
  <datafield tag="021" ind1=" " ind2=" ">
    <subfield code="a">RU</subfield>
    <subfield code="b">99-29812</subfield>
    <subfield code="9">1457</subfield>
  </datafield>
  <datafield tag="035" ind1=" " ind2=" ">
    <subfield code="a">(NLR Aleph) 000051901</subfield>
  </datafield>
  <datafield tag="090" ind1=" " ind2=" ">
    <subfield code="a">278487</subfield>
    <subfield code="c">278487</subfield>
  </datafield>
  <datafield tag="100" ind1=" " ind2=" ">
    <subfield code="a">19991015d1999    |||y0rusy50      ca</subfield>
  </datafield>
  <datafield tag="101" ind1="0" ind2=" ">
    <subfield code="a">rus</subfield>
  </datafield>
  <datafield tag="102" ind1=" " ind2=" ">
    <subfield code="a">RU</subfield>
  </datafield>
  <datafield tag="105" ind1=" " ind2=" ">
    <subfield code="a">a   |||||||||</subfield>
  </datafield>
  <datafield tag="200" ind1="1" ind2=" ">
    <subfield code="a">&#x41E;&#x43A;&#x430;&#x44F;&#x43D;&#x43D;&#x430;&#x44F; &#x433;&#x43E;&#x43B;&#x43E;&#x432;&#x443;&#x448;&#x43A;&#x430;</subfield>
    <subfield code="e">&#x418;&#x437;&#x431;&#x440;. &#x441;&#x442;&#x438;&#x445;&#x43E;&#x442;&#x432;&#x43E;&#x440;&#x435;&#x43D;&#x438;&#x44F;</subfield>
    <subfield code="e">(1953-1998)</subfield>
    <subfield code="f">&#x413;&#x43B;&#x435;&#x431; &#x413;&#x43E;&#x440;&#x431;&#x43E;&#x432;&#x441;&#x43A;&#x438;&#x439;</subfield>
    <subfield code="g">[&#x420;&#x435;&#x434;. &#x41B;. &#x413;&#x43B;&#x430;&#x434;&#x43A;&#x430;&#x44F;]</subfield>
  </datafield>
  <datafield tag="210" ind1=" " ind2=" ">
    <subfield code="a">&#x421;&#x41F;&#x431;.</subfield>
    <subfield code="c">&#x418;&#x441;&#x442;. &#x438;&#x43B;.</subfield>
    <subfield code="d">1999</subfield>
  </datafield>
  <datafield tag="215" ind1=" " ind2=" ">
    <subfield code="a">417, [12] &#x441;., [5] &#x43B;. &#x438;&#x43B;., &#x43F;&#x43E;&#x440;&#x442;&#x440;.</subfield>
    <subfield code="c">&#x43F;&#x43E;&#x440;&#x442;&#x440;., &#x444;&#x430;&#x43A;&#x441;.</subfield>
    <subfield code="d">21</subfield>
  </datafield>
  <datafield tag="320" ind1=" " ind2=" ">
    <subfield code="a">&#x41A;&#x43D;. &#x413;&#x43B;&#x435;&#x431;&#x430; &#x413;&#x43E;&#x440;&#x431;&#x43E;&#x432;&#x441;&#x43A;&#x43E;&#x433;&#x43E;: &#x441;.128</subfield>
  </datafield>
  <datafield tag="327" ind1="1" ind2=" ">
    <subfield code="a">&#x421;&#x43E;&#x434;&#x435;&#x440;&#x436;.: &#x426;&#x438;&#x43A;&#x43B;&#x44B;: &#x411;&#x435;&#x43B;&#x430;&#x44F; &#x441;&#x43E;&#x442;&#x43D;&#x44F;; &#x41E;&#x43F;&#x430;&#x441;&#x43D;&#x44B;&#x435; &#x43C;&#x44B;&#x441;&#x43B;&#x438;; &#x422;&#x440;&#x430;&#x432;&#x430; &#x43F;&#x43E;&#x43A;&#x430;&#x44F;&#x43D;&#x438;&#x44F;</subfield>
  </datafield>
  <datafield tag="686" ind1=" " ind2=" ">
    <subfield code="a">&#x428;6(2=&#x420;)75-5</subfield>
  </datafield>
  <datafield tag="700" ind1=" " ind2="1">
    <subfield code="a">&#x413;&#x43E;&#x440;&#x431;&#x43E;&#x432;&#x441;&#x43A;&#x438;&#x439;</subfield>
    <subfield code="b">&#x413;. &#x42F;.</subfield>
    <subfield code="g">&#x413;&#x43B;&#x435;&#x431; &#x42F;&#x43A;&#x43E;&#x432;&#x43B;&#x435;&#x432;&#x438;&#x447;</subfield>
    <subfield code="4">070</subfield>
  </datafield>
  <datafield tag="702" ind1=" " ind2="1">
    <subfield code="a">&#x413;&#x43B;&#x430;&#x434;&#x43A;&#x430;&#x44F;</subfield>
    <subfield code="b">&#x41B;.</subfield>
    <subfield code="4">340</subfield>
  </datafield>
  <datafield tag="801" ind1=" " ind2="0">
    <subfield code="a">RU</subfield>
    <subfield code="b">NLR</subfield>
    <subfield code="c">19991015</subfield>
    <subfield code="g">PSBO</subfield>
  </datafield>
  <datafield tag="801" ind1=" " ind2="1">
    <subfield code="a">RU</subfield>
    <subfield code="b">NLR</subfield>
    <subfield code="c">19991015</subfield>
  </datafield>
  <datafield tag="830" ind1=" " ind2=" ">
    <subfield code="a">&#x410;&#x432;&#x442;. &#x440;&#x430;&#x441;&#x43A;&#x440;&#x44B;&#x442; &#x43F;&#x43E; &#x43A;&#x43D;.</subfield>
  </datafield>
  <datafield tag="852" ind1=" " ind2=" ">
    <subfield code="a">NLR</subfield>
    <subfield code="j">99-3/12575</subfield>
  </datafield>
  <datafield tag="942" ind1=" " ind2=" ">
    <subfield code="c">BOOK</subfield>
  </datafield>
  <datafield tag="980" ind1=" " ind2=" ">
    <subfield code="a">NB</subfield>
  </datafield>
  <datafield tag="995" ind1=" " ind2=" ">
    <subfield code="5">2004-05-20</subfield>
    <subfield code="a">ab</subfield>
    <subfield code="b">NLR01</subfield>
    <subfield code="c">NLR01</subfield>
    <subfield code="e">RZF</subfield>
    <subfield code="f">689663</subfield>
    <subfield code="o">0</subfield>
    <subfield code="r">BOOK</subfield>
  </datafield>
  <datafield tag="995" ind1=" " ind2=" ">
    <subfield code="5">2005-02-04</subfield>
    <subfield code="a">az</subfield>
    <subfield code="b">NLR01</subfield>
    <subfield code="c">NLR01</subfield>
    <subfield code="e">OBM</subfield>
    <subfield code="f">845295</subfield>
    <subfield code="o">0</subfield>
    <subfield code="p">75.00</subfield>
    <subfield code="r">BOOK</subfield>
  </datafield>
  <datafield tag="995" ind1=" " ind2=" ">
    <subfield code="5">2005-05-24</subfield>
    <subfield code="a">aa</subfield>
    <subfield code="b">NLR03</subfield>
    <subfield code="c">NLR03</subfield>
    <subfield code="e">UJZ</subfield>
    <subfield code="f">1-348059</subfield>
    <subfield code="k">&#x42E; &#x41F;(&#x421;)/&#x413;-67</subfield>
    <subfield code="o">0</subfield>
    <subfield code="r">BOOK</subfield>
    <subfield code="s">_67</subfield>
  </datafield>
  <datafield tag="995" ind1=" " ind2=" ">
    <subfield code="5">2005-07-04</subfield>
    <subfield code="a">az</subfield>
    <subfield code="b">NLR02</subfield>
    <subfield code="c">NLR02</subfield>
    <subfield code="e">NZ2</subfield>
    <subfield code="f">1-175260</subfield>
    <subfield code="k">&#x41B;2  &#x428;6(2=&#x420;)7/&#x413;-675</subfield>
    <subfield code="o">0</subfield>
    <subfield code="r">BOOK</subfield>
    <subfield code="s">2_627675</subfield>
  </datafield>
</record>
